España en el Perú (Record no. 37650)
[ view plain ]
| 000 -LEADER | |
|---|---|
| campo de control de longitud fija | 00468nam a2200145 i 4500 |
| 001 - NÚMERO DE CONTROL | |
| campo de control | 37650 |
| 003 - IDENTIFICADOR DE NÚMERO DE CONTROL | |
| campo de control | ES-MaACL |
| 007 - CAMPO FIJO DE DESCRIPCIÓN FÍSICA--INFORMACIÓN GENERAL | |
| campo de control de longitud fija | t| |
| 008 - DATOS DE LONGITUD FIJA--INFORMACIÓN GENERAL | |
| campo de control de longitud fija | 030221s1924 pe ||||1| spa d |
| 100 1# - ENTRADA PRINCIPAL--NOMBRE DE PERSONA | |
| Nombre de persona | Cáceres, Esteban M. |
| 9 (RLIN) | 33339 |
| 245 10 - MENCIÓN DEL TÍTULO | |
| Título | España en el Perú |
| Resto del título | : homenaje al centenario de la Batalla de Ayacucho / |
| Mención de responsabilidad, etc. | obra nacional original de Esteban M. cáceres. |
| 260 ## - PUBLICACIÓN, DISTRIBUCIÓN, ETC. | |
| Lugar de publicación, distribución, etc. | Lima : |
| Nombre del editor, distribuidor, etc. | La Opinión Nacional, |
| Fecha de publicación, distribución, etc. | 1924. |
| 300 ## - DESCRIPCIÓN FÍSICA | |
| Extensión | 226 p. ; |
| Dimensiones | 25 cm. |
| 852 ## - LOCALIZACIÓN | |
| Ubicación | ES-MaACL |
| Número de control de estantería | B-5273 |
| Estatus retirado | Estado de pérdida | Estado de daño | No para préstamo | Biblioteca de origen | Biblioteca actual | Ubicación en estantería | Fecha de adquisición | Fuente de adquisición | Total de préstamos | Signatura topográfica completa | Código de barras | Visto por última vez | Precio de reemplazo | Tipo de ítem Koha |
|---|---|---|---|---|---|---|---|---|---|---|---|---|---|---|
| Biblioteca del Ateneo de Madrid | Biblioteca del Ateneo de Madrid | Sala Pardo Bazán | 17/01/2008 | B-5273 | 1039632 | 23/02/2023 | 23/02/2023 | Libro impreso |
